Drake Songs - Sudden Death - Statistics

General Stats
  • This quiz has been taken 5,626 times
  • The average score is 12 of 27
Answers on the Grid
Answers color-coded by a green-red scale on the quiz's grid according to % correct below.
Family Business
Through the Wire
Flashing Lights
Heartless
Houstatlantavegas
Best I Ever Had
Fireworks
Fancy
Thank Me Now
Devil in a New Dress
Headlines
Crew Love
Marvins Room
Under Ground Kings
Dreams and Nightmares
Break From Toronto
Adaptation
Wu-Tang Forever
Pound Cake / Paris Morton Music 2
Trophies
No Role Modelz
Jungle
Keep The Enemies Closer
No More Parties in LA
30 Hours
ELEMENT.
Passionfruit
Do Not Disturb
Diplomatic Immunity
Mob Ties
thank u, next
Omertà
Money in the Grave
Chicago Freestyle
The New Toronto
Champagne Poetry
Get Along Better
You Only Die Once
Flight's Booked
Jimmy Brooks
Hours in Silence
Middle of the Ocean
First Person Shooter
Virginia Beach
8AM in VA
Family Affair
 
Answer Stats
Answer % Correct
Headlines
76%
Marvins Room
76%
Best I Ever Had
74%
Fancy
65%
Crew Love
59%
Passionfruit
56%
Houstatlantavegas
52%
Jungle
48%
Do Not Disturb
47%
Fireworks
47%
Champagne Poetry
46%
Chicago Freestyle
45%
Pound Cake / Paris Morton Music 2
44%
Thank Me Now
42%
Money in the Grave
41%
Virginia Beach
40%
First Person Shooter
39%
Under Ground Kings
39%
Trophies
37%
Wu-Tang Forever
35%
Hours in Silence
34%
Mob Ties
32%
Flight's Booked
29%
Get Along Better
25%
Middle of the Ocean
25%
Diplomatic Immunity
19%
Omertà
18%
No matching quizzes found
Score Distribution
Percent of People with Each Score
Percentile by Number Answered
Your Score History
You have not taken this quiz